<?xml version="1.0" encoding="UTF-8"?>
<collection xmlns="http://www.loc.gov/MARC21/slim">
 <record>
  <leader>05390nam a2200325 a 4500</leader>
  <controlfield tag="001">kal3126</controlfield>
  <controlfield tag="003">Gr-AtHEAL</controlfield>
  <controlfield tag="005">20160506092156.0</controlfield>
  <controlfield tag="006">m        d        </controlfield>
  <controlfield tag="008">160413s2015    gr      s           gre|c</controlfield>
  <datafield tag="020" ind1=" " ind2=" ">
   <subfield code="a">9789606031601</subfield>
  </datafield>
  <datafield tag="040" ind1=" " ind2=" ">
   <subfield code="a">GR-AtHEAL</subfield>
   <subfield code="b">gre</subfield>
   <subfield code="c">GR-AtHEAL</subfield>
  </datafield>
  <datafield tag="082" ind1="0" ind2="4">
   <subfield code="a">610.73</subfield>
   <subfield code="2">23</subfield>
  </datafield>
  <datafield tag="100" ind1="1" ind2=" ">
   <subfield code="a">Μισουρίδου, Ευδοκία.</subfield>
   <subfield code="8">645</subfield>
  </datafield>
  <datafield tag="245" ind1="1" ind2="0">
   <subfield code="a">Νοσηλευτική εξαρτημένων ατόμων</subfield>
   <subfield code="h">[Ηλεκτρονικός πόρος] </subfield>
   <subfield code="c">Μισουρίδου, Ευδοκία ; Κριτικός αναγνώστης,Μάτσα-Μποζάνα, Κατερίνα ; Γραφιστική επιμέλεια,Μποζιονέλος, Γαβριήλ.</subfield>
  </datafield>
  <datafield tag="260" ind1=" " ind2=" ">
   <subfield code="a">Αθήνα :</subfield>
   <subfield code="b">Σύνδεσμος Ελληνικών Ακαδημαϊκών Βιβλιοθηκών,</subfield>
   <subfield code="c">c2015.</subfield>
  </datafield>
  <datafield tag="490" ind1=" " ind2=" ">
   <subfield code="a">Ακαδημαϊκά Ηλεκτρονικά Συγγράμματα και Βοηθήματα Κάλλιπος</subfield>
   <subfield code="8">40</subfield>
  </datafield>
  <datafield tag="520" ind1=" " ind2=" ">
   <subfield code="a">Οι νοσηλευτές συναντούν άτομα που αντιμετωπίζουν προβλήματα χρήσης ή κατάχρησης ουσιών πολύ συχνά στην κλινική τους πρακτική τόσο στον χώρο του νοσοκομείου όσο και στην κοινότητα. Οι σοβαρές διαστάσεις που έχει πάρει το φαινόμενο της εξάρτησης παγκοσμίως αλλά και στη χώρα μας, απαιτούν από τους νοσηλευτές, καθώς και από όλους τους επαγγελματίες υγείας, να συγκροτήσουν μια αποτελεσματική στρατηγική διαχείρισης των προβλημάτων χρήσης και κατάχρησης ουσιών που αντιμετωπίζουν καθημερινά. Η «Νοσηλευτική Εξαρτήσεων» θα αποτελέσει ένα ακαδημαϊκό σύγγραμμα βασισμένο σε ενδείξεις, το οποίο στοχεύει τόσο στην ενημέρωση και ευαισθητοποίηση των φοιτητών νοσηλευτικής σε θέματα εξαρτήσεων όσο και στην επαγγελματική ανάπτυξη καθώς και την κλινική πρακτική νοσηλευτών οι οποίοι εργάζονται στον τομέα των εξαρτήσεων. Το βιβλίο έχει στόχο να προσφέρει ένα περιεκτικό εγχειρίδιο σε θέματα που αφορούν την κλινική πρακτική, την εκπαίδευση και την έρευνα, καθώς και την ανάπτυξη της νοσηλευτικής εξαρτήσεων ως ειδικότητας της νοσηλευτικής ψυχικής υγείας. Το βιβλίο χωρίζεται σε τρία μέρη και αποτελείται συνολικά από 15 κεφάλαια. Το πρώτο μέρος στοχεύει στο να βοηθήσει τους φοιτητές να αποσαφηνίσουν βασικές έννοιες και όρους οι οποίοι χρησιμοποιούνται στον τομέα των εξαρτήσεως καθώς και να κατανοήσουν την κλινική δράση των ψυχοδραστικών ουσιών αλλά και την πολυπαραγοντική φύση του φαινομένου της εξάρτησης. Στο δεύτερο μέρος οι φοιτητές εξοικειώνονται με τις παρεμβάσεις που εφαρμόζονται στα διάφορα στάδια της αλλαγής εξαρτητικών συμπεριφορών. Επίσης, επιχειρείται η γνωριμία με συγκεκριμένα εργαλεία, τεχνικές και στρατηγικές οι οποίες εφαρμόζονται ευρέως. Το τρίτο μέρος είναι αφιερωμένο σε θέματα επαγγελματικής αυτο-ανάπτυξης των νοσηλευτών εξάρτησης. Όλα τα κεφάλαια περιέχουν βινιέτες περιστατικών ή κλινικών παρεμβάσεων.</subfield>
  </datafield>
  <datafield tag="650" ind1=" " ind2="0">
   <subfield code="a">Nursing</subfield>
   <subfield code="8">2814</subfield>
  </datafield>
  <datafield tag="650" ind1=" " ind2="0">
   <subfield code="a">Substance abuse</subfield>
   <subfield code="8">2815</subfield>
  </datafield>
  <datafield tag="653" ind1=" " ind2=" ">
   <subfield code="a">Νοσηλευτική, εξαρτήσεις, κατάχρηση ουσιών</subfield>
  </datafield>
  <datafield tag="653" ind1=" " ind2=" ">
   <subfield code="a">Επιστήμες υγείας</subfield>
   <subfield code="a">Ιατρική</subfield>
   <subfield code="a">Δημόσια υγεία</subfield>
   <subfield code="a">Ψυχική υγεία</subfield>
  </datafield>
  <datafield tag="653" ind1=" " ind2=" ">
   <subfield code="a">Επιστήμες υγείας</subfield>
   <subfield code="a">Ιατρική</subfield>
   <subfield code="a">Ψυχιατρική</subfield>
   <subfield code="a">Συμβουλευτική-διασυνδετική ψυχιατρική</subfield>
  </datafield>
  <datafield tag="653" ind1=" " ind2=" ">
   <subfield code="a">Επιστήμες υγείας</subfield>
   <subfield code="a">Ιατρική</subfield>
   <subfield code="a">Ψυχιατρική</subfield>
  </datafield>
  <datafield tag="700" ind1="1" ind2=" ">
   <subfield code="a">Μάτσα-Μποζάνα, Κατερίνα</subfield>
   <subfield code="e">Κριτικός αναγνώστης</subfield>
   <subfield code="8">646</subfield>
  </datafield>
  <datafield tag="856" ind1="4" ind2="0">
   <subfield code="u">http://hdl.handle.net/11419/3126</subfield>
   <subfield code="z">Πλήρες Κείμενο - Full text</subfield>
  </datafield>
  <datafield tag="907" ind1=" " ind2=" ">
   <subfield code="a">.b25680274</subfield>
   <subfield code="b">12-06-18</subfield>
   <subfield code="c">29-07-16</subfield>
  </datafield>
  <datafield tag="949" ind1=" " ind2=" ">
   <subfield code="0">0</subfield>
   <subfield code="1">0</subfield>
   <subfield code="2">ddc</subfield>
   <subfield code="4">0</subfield>
   <subfield code="6">610_730000000000000_ΜΙΣ</subfield>
   <subfield code="7">0</subfield>
   <subfield code="8">KALL</subfield>
   <subfield code="8">786</subfield>
   <subfield code="d">2016-04-13</subfield>
   <subfield code="r">2016-04-13</subfield>
   <subfield code="w">2016-04-13</subfield>
   <subfield code="z">610.73 ΜΙΣ</subfield>
   <subfield code="o">SEAB KALLIPOS</subfield>
  </datafield>
  <datafield tag="998" ind1=" " ind2=" ">
   <subfield code="a">80</subfield>
   <subfield code="a">01</subfield>
   <subfield code="a">02</subfield>
   <subfield code="a">03</subfield>
   <subfield code="a">04</subfield>
   <subfield code="a">05</subfield>
   <subfield code="a">06</subfield>
   <subfield code="a">07</subfield>
   <subfield code="a">08</subfield>
   <subfield code="a">09</subfield>
   <subfield code="a">10</subfield>
   <subfield code="a">11</subfield>
   <subfield code="a">12</subfield>
   <subfield code="a">13</subfield>
   <subfield code="a">14</subfield>
   <subfield code="a">15</subfield>
   <subfield code="a">16</subfield>
   <subfield code="a">17</subfield>
   <subfield code="a">18</subfield>
   <subfield code="a">19</subfield>
   <subfield code="a">20</subfield>
   <subfield code="a">21</subfield>
   <subfield code="a">22</subfield>
   <subfield code="a">23</subfield>
   <subfield code="a">24</subfield>
   <subfield code="a">25</subfield>
   <subfield code="a">26</subfield>
   <subfield code="b">16-05-17</subfield>
   <subfield code="c">m</subfield>
   <subfield code="d">z  </subfield>
   <subfield code="e">-</subfield>
   <subfield code="f">gre</subfield>
   <subfield code="g">gr </subfield>
   <subfield code="h">0</subfield>
  </datafield>
  <datafield tag="942" ind1=" " ind2=" ">
   <subfield code="2">ddc</subfield>
   <subfield code="c">KALLIPOS</subfield>
  </datafield>
 </record>
</collection>
